[Event "Tata Steel (B) 2015"]
[Site "Wijk aan Zee NED"]
[Date "2015.01.12"]
[Round "3"]
[White "Michiels, B."]
[Black "Klein, Da"]
[Result "0-1"]
[WhiteElo "2563"]
[BlackElo "2517"]
[PlyCount "102"]
[EventDate "2015.01.10"]

1. d4 Nf6 2. c4 e6 3. Nc3 Bb4 4. Qc2 b6 5. e4 c5 6. d5 Qe7 7. Bd2 exd5 8. Nxd5
Nxd5 9. cxd5 Bxd2+ 10. Kxd2 O-O 11. Nf3 d6 12. Re1 Bg4 13. Qc3 Nd7 14. Bb5 a6
15. Bxd7 Qxd7 16. Nh4 Qa4 17. f3 Bd7 18. g4 b5 19. Nf5 Bxf5 20. gxf5 f6 21.
Rhg1 Ra7 22. Ra1 b4 23. Qc4 Qe8 24. Rg3 Qe5 25. Kc2 a5 26. Rag1 a4 27. R3g2 Rb8
28. Kd3 Qf4 29. Ke2 Re8 30. Qb5 Qe5 31. Ke3 Rae7 32. Kf2 Qxb2+ 33. Kg3 Qe5+ 34.
Kh3 Kf8 35. Qxa4 g5 36. Qc2 Ra8 37. Qb2 Ra3 38. Qxe5 Rxe5 39. Kg4 Re7 40. h4
Rg7 41. Kh5 h6 42. Rf2 Kf7 43. e5 fxe5 44. hxg5 hxg5 45. Rxg5 Rxg5+ 46. Kxg5
Ra8 47. f4 Rg8+ 48. Kh6 e4 49. Kh7 Rg3 50. Rh2 e3 51. f6 e2 0-1

[Event "Tata Steel (B) 2015"]
[Site "Wijk aan Zee NED"]
[Date "2015.01.12"]
[Round "3"]
[White "Potkin, V."]
[Black "Gunina, V."]
[Result "1-0"]
[WhiteElo "2608"]
[BlackElo "2538"]
[PlyCount "53"]
[EventDate "2015.01.10"]

1. c4 e5 2. Nc3 Nc6 3. Nf3 g6 4. d4 exd4 5. Nxd4 Bg7 6. Nxc6 bxc6 7. g3 Ne7 8.
Bg2 O-O 9. O-O d6 10. Qc2 Bf5 11. e4 Be6 12. b3 Qd7 13. Bb2 Rae8 14. c5 dxc5
15. Rfd1 Qc8 16. Na4 Bxb2 17. Qxb2 c4 18. Nc5 cxb3 19. axb3 Rd8 20. Qf6 Rxd1+
21. Rxd1 Re8 22. Bf1 Kf8 23. Ba6 Ng8 24. Qf4 Qb8 25. Bc4 Qc8 26. Bxe6 Rxe6 27.
Rd8+ 1-0

[Event "Tata Steel (B) 2015"]
[Site "Wijk aan Zee NED"]
[Date "2015.01.12"]
[Round "3"]
[White "Dale, Ari"]
[Black "Wei Yi"]
[Result "1/2-1/2"]
[WhiteElo "2291"]
[BlackElo "2675"]
[PlyCount "60"]
[EventDate "2015.01.10"]

1. d4 Nf6 2. c4 e6 3. Nc3 Bb4 4. e3 O-O 5. Bd3 d5 6. Nf3 b6 7. O-O Bb7 8. cxd5
exd5 9. Ne5 Bd6 10. Nb5 Be7 11. f4 c5 12. Nc3 Nc6 13. Qf3 Re8 14. g4 cxd4 15.
g5 dxc3 16. gxf6 Bxf6 17. Bxh7+ Kf8 18. bxc3 g6 19. Ba3+ Kg7 20. Nxf7 Kxf7 21.
Qg4 Ne7 22. f5 g5 23. Qh5+ Kg7 24. Rf3 Rh8 25. Rh3 Rc8 26. Qh6+ Kf7 27. Bg6+
Kg8 28. Bh7+ Kf7 29. Bg6+ Kg8 30. Bh7+ Kf7 1/2-1/2

[Event "Tata Steel (B) 2015"]
[Site "Wijk aan Zee NED"]
[Date "2015.01.12"]
[Round "3"]
[White "Van Kampen, R."]
[Black "L'Ami, E."]
[Result "1/2-1/2"]
[WhiteElo "2615"]
[BlackElo "2613"]
[PlyCount "133"]
[EventDate "2015.01.10"]

1. e4 e5 2. Nf3 Nc6 3. Bb5 Bc5 4. c3 f5 5. d4 fxe4 6. Bxc6 dxc6 7. Nxe5 Bd6 8.
O-O Nf6 9. Bg5 Bxe5 10. dxe5 Qxd1 11. Rxd1 Nd7 12. Rd4 h6 13. Bh4 g5 14. Bg3
Nc5 15. b4 Ne6 16. Rxe4 b6 17. Nd2 Bb7 18. Re3 O-O-O 19. Ne4 c5 20. bxc5 Bxe4
21. Rxe4 Nxc5 22. Rd4 Ne6 23. Rdd1 Kb7 24. f3 Kc6 25. Kf2 Kc5 26. Ke3 Kc4 27.
Be1 Rd5 28. Rxd5 Kxd5 29. c4+ Kxc4 30. Rc1+ Kd5 31. Rd1+ Kc6 32. g3 Rf8 33. Bf2
Nc5 34. h3 a5 35. Be1 Ne6 36. Bf2 Nc5 37. Be1 Ne6 38. a3 Rf7 39. Bf2 Nc5 40.
Be1 Rd7 41. Rd4 Rxd4 42. Kxd4 Kd7 43. Kc4 Ne6 44. Bf2 Ng7 45. g4 Ne6 46. Be3
Kc6 47. a4 Kd7 48. Kb5 Kc8 49. Kc6 Kd8 50. Kd5 Ke7 51. Ke4 Kf7 52. Kd5 Ke7 53.
Ke4 Kf7 54. Bf2 b5 55. axb5 a4 56. Kd3 Nf4+ 57. Kc4 Ke6 58. h4 Ng6 59. hxg5
Nxe5+ 60. Kb4 hxg5 61. Bg3 Nxf3 62. Bxc7 Kd7 63. Bg3 Nd2 64. Kxa4 Kc8 65. Kb4
Ne4 66. Be1 Kb7 67. Kc4 1/2-1/2

[Event "Tata Steel (B) 2015"]
[Site "Wijk aan Zee NED"]
[Date "2015.01.12"]
[Round "3"]
[White "Navara, D."]
[Black "Shankland, S."]
[Result "1/2-1/2"]
[WhiteElo "2729"]
[BlackElo "2652"]
[PlyCount "63"]
[EventDate "2015.01.10"]

1. e4 e6 2. d4 d5 3. Nc3 Nf6 4. e5 Nfd7 5. f4 c5 6. Nf3 Nc6 7. Be3 Be7 8. Be2
O-O 9. O-O f6 10. exf6 Nxf6 11. Ne5 Nxd4 12. Bxd4 cxd4 13. Qxd4 Nd7 14. Kh1 Bc5
15. Qd2 Nxe5 16. fxe5 Bd7 17. Rxf8+ Bxf8 18. Rf1 Bc5 19. Bg4 Qh4 20. Qd1 Rf8
21. Rxf8+ Bxf8 22. Nxd5 h5 23. Bh3 Qe4 24. Nc3 Qxe5 25. g3 Be8 26. Qe2 Qxe2 27.
Nxe2 Kf7 28. Bg2 b6 29. Nf4 Ke7 30. Be4 g5 31. Ng6+ Bxg6 32. Bxg6 1/2-1/2

[Event "Tata Steel (B) 2015"]
[Site "Wijk aan Zee NED"]
[Date "2015.01.12"]
[Round "3"]
[White "Salem, AR."]
[Black "Sevian, Samuel"]
[Result "1/2-1/2"]
[WhiteElo "2603"]
[BlackElo "2511"]
[PlyCount "89"]
[EventDate "2015.01.10"]

1. d4 d5 2. c4 e6 3. Nf3 Nf6 4. Nc3 c6 5. Bg5 dxc4 6. e4 b5 7. e5 h6 8. Bh4 g5
9. Bg3 Nd5 10. Be2 Bb7 11. Nd2 Nd7 12. a4 a6 13. O-O Be7 14. Nde4 Nxc3 15. bxc3
c5 16. Bf3 Rb8 17. axb5 axb5 18. Nf6+ Bxf6 19. exf6 Bxf3 20. Qxf3 Rc8 21. Rfd1
O-O 22. dxc5 Rxc5 23. h4 Qc8 24. hxg5 Rxg5 25. Ra7 Ne5 26. Bxe5 Rxe5 27. Qh3
Rg5 28. Qxh6 Rg6 29. Qh3 Qc5 30. Rd4 Qe5 31. Rh4 Qxf6 32. Rb7 Qe5 33. Rg4 Rxg4
34. Qxg4+ Qg7 35. Qh5 Qxc3 36. Rxb5 Ra8 37. Qh6 e5 38. Qg5+ Kh7 39. Rxe5 Qa1+
40. Kh2 Ra6 41. Re4 Rh6+ 42. Rh4 Qa6 43. Qf5+ Kg8 44. Qg5+ Kh7 45. Qf5+ 1/2-1/2

[Event "Tata Steel (B) 2015"]
[Site "Wijk aan Zee NED"]
[Date "2015.01.12"]
[Round "3"]
[White "Timman, J."]
[Black "Haast, A."]
[Result "0-1"]
[WhiteElo "2593"]
[BlackElo "2352"]
[PlyCount "60"]
[EventDate "2015.01.10"]

1. d4 d5 2. c4 dxc4 3. e4 e5 4. Nf3 exd4 5. Bxc4 Bb4+ 6. Bd2 Bxd2+ 7. Nbxd2 Nc6
8. O-O Qf6 9. e5 Qg6 10. Re1 Nge7 11. Qb3 O-O 12. Bd3 Qh6 13. Ne4 Bf5 14. Rac1
Rab8 15. Nc5 Bg4 16. Be4 Bxf3 17. Bxf3 Nxe5 18. Bxb7 N7g6 19. Rcd1 Rfe8 20. Re4
Qg5 21. g3 d3 22. Re3 Nf4 23. h4 Qg4 24. Rf1 d2 25. Qd1 Nh3+ 26. Kg2 Nxf2 27.
Qxd2 Qh3+ 28. Kg1 Neg4 29. Rxe8+ Rxe8 30. Rxf2 Qxg3+ 0-1

[Event "Tata Steel 2015"]
[Site "Wijk aan Zee NED"]
[Date "2015.01.13"]
[Round "4"]
[White "Jobava, Ba"]
[Black "Saric, Iv"]
[Result "0-1"]
[WhiteElo "2727"]
[BlackElo "2666"]
[PlyCount "76"]
[EventDate "2015.01.09"]

1. d4 d5 2. c4 c6 3. Nc3 Nf6 4. Nf3 e6 5. Bg5 h6 6. Bxf6 Qxf6 7. e3 g6 8. e4
dxe4 9. Nxe4 Bb4+ 10. Ke2 Qe7 11. c5 O-O 12. Qa4 Na6 13. a3 b5 14. Qb3 Ba5 15.
Ne5 Nb8 16. Qg3 Bc7 17. Ke3 g5 18. f4 f5 19. h4 Bxe5 20. dxe5 fxe4 21. hxg5
hxg5 22. Rh5 Rf5 23. Be2 Qg7 24. fxg5 Nd7 25. Rah1 Nf8 26. Rh8+ Qxh8 27. Rxh8+
Kxh8 28. Kxe4 Bd7 29. Ke3 Rf7 30. Qh4+ Kg8 31. Qe4 Rc8 32. a4 bxa4 33. Qxa4 Rb8
34. b4 Rf5 35. Bf3 Rxe5+ 36. Kd4 Rxg5 37. Kc3 Rc8 38. Qxa7 Rg7 0-1

[Event "Tata Steel 2015"]
[Site "Wijk aan Zee NED"]
[Date "2015.01.13"]
[Round "4"]
[White "Van Wely, L."]
[Black "Carlsen, M."]
[Result "0-1"]
[WhiteElo "2667"]
[BlackElo "2862"]
[PlyCount "88"]
[EventDate "2015.01.09"]

1. d4 Nf6 2. c4 g6 3. Nf3 Bg7 4. g3 d5 5. cxd5 Nxd5 6. Bg2 Nb6 7. Nc3 Nc6 8.
O-O O-O 9. d5 Na5 10. Qc2 c6 11. dxc6 Nxc6 12. Rd1 Bd7 13. Bf4 Qc8 14. Rac1 Bf5
15. e4 Bg4 16. Qb3 Qe6 17. Qxe6 fxe6 18. e5 Nd5 19. Nxd5 exd5 20. Ng5 e6 21. f3
h6 22. fxg4 hxg5 23. Bxg5 Nxe5 24. Bf4 Nc6 25. g5 Bxb2 26. Rc2 Bd4+ 27. Kh1
Rad8 28. Rb1 Rf7 29. Bh3 Re8 30. Re2 e5 31. Rb5 Ref8 32. Be6 exf4 33. Rxb7 f3
34. Rd2 Kg7 35. Bxf7 Rxf7 36. Rxf7+ Kxf7 37. Rd3 f2 38. Kg2 Ke6 39. h4 Bb6 40.
Rf3 Ne5 41. Rf6+ Ke7 42. a4 Bd4 43. g4 Nxg4 44. Rf4 Nh2 0-1

[Event "Tata Steel 2015"]
[Site "Wijk aan Zee NED"]
[Date "2015.01.13"]
[Round "4"]
[White "Caruana, F."]
[Black "So, W."]
[Result "1/2-1/2"]
[WhiteElo "2820"]
[BlackElo "2762"]
[PlyCount "61"]
[EventDate "2015.01.09"]

1. e4 e5 2. Nf3 Nc6 3. Bb5 a6 4. Ba4 Nf6 5. O-O Be7 6. d3 b5 7. Bb3 O-O 8. Nc3
d6 9. a3 Nb8 10. a4 b4 11. Nd5 Nxd5 12. Bxd5 c6 13. Bb3 Nd7 14. d4 a5 15. dxe5
dxe5 16. Qe2 Qc7 17. Be3 c5 18. Bc4 Nb6 19. Bb5 f5 20. exf5 Bxf5 21. c3 bxc3
22. bxc3 Kh8 23. Nd2 Nd5 24. Rac1 Rad8 25. Nc4 Bf6 26. f3 Nf4 27. Bxf4 exf4 28.
Nd2 c4 29. Ne4 Rd3 30. Nxf6 Qb6+ 31. Qf2 1/2-1/2

[Event "Tata Steel 2015"]
[Site "Wijk aan Zee NED"]
[Date "2015.01.13"]
[Round "4"]
[White "Hou Yifan"]
[Black "Giri, A."]
[Result "1/2-1/2"]
[WhiteElo "2673"]
[BlackElo "2784"]
[PlyCount "40"]
[EventDate "2015.01.09"]

1. e4 e5 2. Nf3 Nc6 3. Bc4 Nf6 4. d3 Be7 5. O-O O-O 6. Re1 d6 7. a4 Kh8 8. h3
Ng8 9. d4 f5 10. dxe5 fxe4 11. Rxe4 Bf5 12. Re1 dxe5 13. Qxd8 Raxd8 14. Nc3 Nb4
15. Rxe5 Nxc2 16. Ra2 Bd6 17. Re2 Nb4 18. Ra1 Nc2 19. Ra2 Nb4 20. Ra1 Nc2
1/2-1/2

[Event "Tata Steel 2015"]
[Site "Wijk aan Zee NED"]
[Date "2015.01.13"]
[Round "4"]
[White "Aronian, L."]
[Black "Wojtaszek, R."]
[Result "1/2-1/2"]
[WhiteElo "2797"]
[BlackElo "2744"]
[PlyCount "94"]
[EventDate "2015.01.09"]

1. c4 Nf6 2. g3 e6 3. Bg2 d5 4. Nf3 dxc4 5. Qa4+ Nbd7 6. Qxc4 a6 7. Qc2 c5 8.
Nc3 Qc7 9. O-O b6 10. d4 Bb7 11. dxc5 Bxc5 12. Bf4 Bd6 13. Bxd6 Qxd6 14. Rfd1
Qc7 15. Rac1 Rc8 16. Qb1 Qb8 17. Ng5 Bxg2 18. Kxg2 Qb7+ 19. f3 O-O 20. Nce4
Rxc1 21. Rxc1 Qb8 22. Rd1 h6 23. Rxd7 Nxd7 24. Nc5 hxg5 25. Nxd7 Qc7 26. Nxf8
Kxf8 27. Qd3 a5 28. Qe3 Qd8 29. Kf2 Kg8 30. Ke1 Kf8 31. Qe5 Kg8 32. h3 Kf8 33.
Qe3 Ke8 34. Qd2 Qf6 35. Qc1 Kd7 36. Qd1+ Kc7 37. Qc2+ Kd6 38. Qd3+ Kc6 39. Qc4+
Kd6 40. Qb5 Kc7 41. Qc4+ Kd6 42. Qb5 Kc7 43. Qe8 Qxb2 44. Qxf7+ Kd6 45. Qf8+
Kd7 46. Qf7+ Kd6 47. Qf8+ Kd7 1/2-1/2

[Event "Tata Steel (B) 2015"]
[Site "Wijk aan Zee NED"]
[Date "2015.01.13"]
[Round "4"]
[White "Sevian, Samuel"]
[Black "Potkin, V."]
[Result "1-0"]
[WhiteElo "2511"]
[BlackElo "2608"]
[PlyCount "181"]
[EventDate "2015.01.10"]

1. e4 c5 2. Nf3 e6 3. d4 cxd4 4. Nxd4 Nc6 5. Nc3 Qc7 6. Be3 a6 7. Qd2 Nf6 8. f4
Bb4 9. Bd3 Na5 10. a3 Bxc3 11. Qxc3 Qxc3+ 12. bxc3 d5 13. e5 Ne4 14. Nb3 Nc4
15. Bxc4 dxc4 16. Na5 Bd7 17. Bd4 Rc8 18. Nxb7 Bc6 19. Na5 Bd5 20. Rb1 Kd7 21.
Ke2 f5 22. Ke3 h6 23. h4 g5 24. hxg5 hxg5 25. fxg5 Nxg5 26. Rxh8 Rxh8 27. Rb4
Rh4 28. Nxc4 f4+ 29. Kf2 Ne4+ 30. Ke2 Ng3+ 31. Kd2 Bxg2 32. Nb6+ Ke8 33. Bf2
Rh5 34. Rxf4 Ne4+ 35. Kd3 Rh3+ 36. Kd4 Nxc3 37. Rf6 Ke7 38. a4 Bc6 39. Be1 Nxa4
40. Nc4 Bd5 41. Nd6 Rf3 42. Rh6 Rf4+ 43. Ke3 Rf3+ 44. Kd2 Nb6 45. Rh7+ Kf8 46.
Rc7 Rf4 47. Kd3 Rf3+ 48. Ke2 Rf4 49. Bd2 Bc4+ 50. Kd1 Rf1+ 51. Be1 Rf4 52. Bg3
Rd4+ 53. Ke1 Ba2 54. Bf2 Rb4 55. Be3 Kg8 56. Bg5 Rg4 57. Bf6 Nd5 58. Ra7 Rf4
59. Rxa6 Bb1 60. Ra8+ Kh7 61. c4 Nxf6 62. exf6 Rxf6 63. c5 e5 64. Rd8 Bd3 65.
c6 e4 66. Kd2 Rf2+ 67. Ke3 Re2+ 68. Kd4 Rc2 69. Rd7+ Kg6 70. c7 Ba6 71. Nxe4
Bc8 72. Re7 Bh3 73. Ke5 Bf5 74. Kd6 Rc1 75. Nc5 Rd1+ 76. Kc6 Rc1 77. Re2 Bh3
78. Rh2 Bc8 79. Rh8 Bf5 80. Rf8 Bh3 81. Rf3 Bc8 82. Kd6 Rc2 83. Rf8 Bh3 84. Nd3
Kg7 85. Rf3 Bc8 86. Ne5 Rc1 87. Rf7+ Kh6 88. Rf8 Rd1+ 89. Ke7 Bb7 90. Rb8 Rb1
91. c8=Q 1-0

[Event "Tata Steel (B) 2015"]
[Site "Wijk aan Zee NED"]
[Date "2015.01.13"]
[Round "4"]
[White "Klein, Da"]
[Black "Salem, AR."]
[Result "0-1"]
[WhiteElo "2517"]
[BlackElo "2603"]
[PlyCount "84"]
[EventDate "2015.01.10"]

1. e4 c5 2. Nf3 d6 3. c3 Nf6 4. Be2 g6 5. O-O Bg7 6. Bb5+ Nfd7 7. d4 O-O 8. Re1
Nc6 9. d5 Nce5 10. Nbd2 a6 11. Bf1 b5 12. h3 Qb6 13. Nxe5 Nxe5 14. f4 c4+ 15.
Kh1 Nd7 16. Nf3 Nc5 17. Be3 Qc7 18. Bd4 Bh6 19. f5 gxf5 20. Bxc5 Qxc5 21. Nd4
fxe4 22. Qh5 Bg7 23. Rxe4 e5 24. Nc6 Re8 25. Rd1 Qf2 26. Be2 Bf5 27. Bf3 Bg6
28. Qg5 f6 29. Qc1 f5 30. Ree1 e4 31. Be2 Kh8 32. Qg5 f4 33. Bh5 Bxh5 34. Qxh5
Qxb2 35. Qf5 f3 36. gxf3 exf3 37. Qxf3 Qxc3 38. Rxe8+ Rxe8 39. Qg4 Qe3 40. Nb4
a5 41. Nc2 Qe4+ 42. Qxe4 Rxe4 0-1

[Event "Tata Steel (B) 2015"]
[Site "Wijk aan Zee NED"]
[Date "2015.01.13"]
[Round "4"]
[White "Shankland, S."]
[Black "Timman, J."]
[Result "1/2-1/2"]
[WhiteElo "2652"]
[BlackElo "2593"]
[PlyCount "110"]
[EventDate "2015.01.10"]

1. e4 e6 2. d4 d5 3. Nc3 Bb4 4. e5 c5 5. a3 Bxc3+ 6. bxc3 Ne7 7. Qg4 O-O 8. Bd3
f5 9. exf6 Rxf6 10. Bg5 Rf7 11. Qh5 g6 12. Qd1 Qa5 13. Bd2 Nd7 14. Nf3 c4 15.
Be2 Nc6 16. h4 Nf6 17. h5 Ne4 18. hxg6 hxg6 19. Rh4 Rh7 20. Rxh7 Kxh7 21. Kf1
Bd7 22. Qe1 Kg7 23. Ng5 Rh8 24. Kg1 Qc7 25. g3 Nxg5 26. Bxg5 e5 27. Qd2 Bf5 28.
g4 Be4 29. f3 exd4 30. Bf4 Qe7 31. cxd4 Bxc2 32. Qxc2 g5 33. Bg3 Qe3+ 34. Bf2
Qf4 35. Qf5 Nxd4 36. Qd7+ Kg6 37. Bd1 Qh2+ 38. Kf1 Qh3+ 39. Ke1 Qh1+ 40. Kd2
Qh2 41. Bc2+ Kf6 42. Rf1 Qe5 43. Bd1 Rh2 44. Qd8+ Kf7 45. Qd7+ Kf6 46. Qd8+ Kg7
47. Qa5 Qf4+ 48. Ke1 Qe5+ 49. Kd2 Qg3 50. Kc3 Rxf2 51. Rxf2 Qxf2 52. Qxd5 Qe3+
53. Kxc4 Nc6 54. Qd7+ Kf6 55. Qd6+ Kg7 1/2-1/2

[Event "Tata Steel (B) 2015"]
[Site "Wijk aan Zee NED"]
[Date "2015.01.13"]
[Round "4"]
[White "Dale, Ari"]
[Black "Navara, D."]
[Result "0-1"]
[WhiteElo "2291"]
[BlackElo "2729"]
[PlyCount "74"]
[EventDate "2015.01.10"]

1. d4 Nf6 2. c4 e6 3. Nc3 Bb4 4. e3 O-O 5. Bd3 d5 6. Nf3 b6 7. O-O Bb7 8. a3
Bd6 9. cxd5 exd5 10. b4 a6 11. Ne5 Nbd7 12. f4 c5 13. bxc5 bxc5 14. Rb1 Rb8 15.
Bd2 Re8 16. Rf3 Nf8 17. Rg3 Ne6 18. Ng4 cxd4 19. Rxb7 Rxb7 20. Nxf6+ Qxf6 21.
Nxd5 Qd8 22. e4 Nc5 23. Qc2 Nxd3 24. Qxd3 Bb8 25. Bb4 Re6 26. Kf1 Ba7 27. f5
Rc6 28. Rg4 Qc8 29. Bd2 Rc2 30. Ke2 Kh8 31. Nb4 Rb2 32. Qxa6 Qc1 33. Qd3 Rc7
34. e5 Rc3 35. Rxd4 Rxd3 36. Rxd3 Qc4 37. Kf3 h5 0-1

[Event "Tata Steel (B) 2015"]
[Site "Wijk aan Zee NED"]
[Date "2015.01.13"]
[Round "4"]
[White "Wei Yi"]
[Black "Gunina, V."]
[Result "1-0"]
[WhiteElo "2675"]
[BlackElo "2538"]
[PlyCount "127"]
[EventDate "2015.01.10"]

1. e4 c6 2. d4 d5 3. e5 Bf5 4. Nf3 e6 5. Be2 Nd7 6. O-O Bg6 7. Nbd2 Nh6 8. Nb3
Nf5 9. Bd2 Be7 10. g4 Nh4 11. Nxh4 Bxh4 12. f4 f5 13. exf6 Qxf6 14. g5 Qf7 15.
Na5 Nb6 16. Bd3 Bh5 17. Nxb7 Nc8 18. Be2 Bxe2 19. Qxe2 Qxb7 20. Qh5+ Qf7 21.
Qxh4 Nd6 22. Qh3 Qf5 23. Qxf5 exf5 24. Rf3 Kd7 25. Re1 Ne4 26. Bb4 a5 27. Bc5
h6 28. gxh6 Rxh6 29. Re2 Rg6+ 30. Rg2 Rxg2+ 31. Kxg2 Re8 32. a4 Re6 33. h3 Nd2
34. Rf2 Ne4 35. Rf3 Nd2 36. Rg3 g5 37. Rxg5 Re2+ 38. Kg3 Ne4+ 39. Kf3 Rxc2 40.
Rxf5 Rxb2 41. Re5 Rb3+ 42. Kg4 Rg3+ 43. Kh4 Rg7 44. f5 Rh7+ 45. Kg4 Rg7+ 46.
Kh5 Rh7+ 47. Kg6 Rxh3 48. Re7+ Kd8 49. Ra7 Ke8 50. Ra8+ Kd7 51. Ra7+ Ke8 52.
Ra8+ Kd7 53. Rxa5 Rg3+ 54. Kf7 Ng5+ 55. Kf6 Nh7+ 56. Ke5 Re3+ 57. Kf4 Re4+ 58.
Kf3 Nf6 59. Ra7+ Ke8 60. a5 Nd7 61. a6 Re1 62. Rb7 Ra1 63. a7 Kd8 64. Rb8+ 1-0

[Event "Tata Steel (B) 2015"]
[Site "Wijk aan Zee NED"]
[Date "2015.01.13"]
[Round "4"]
[White "Haast, A."]
[Black "Van Kampen, R."]
[Result "0-1"]
[WhiteElo "2352"]
[BlackElo "2615"]
[PlyCount "72"]
[EventDate "2015.01.10"]

1. e4 e6 2. Nf3 d5 3. Nc3 Nf6 4. e5 Nfd7 5. d4 c5 6. dxc5 Nc6 7. Bf4 Nxc5 8.
Bd3 Be7 9. O-O g5 10. Bg3 h5 11. h3 Qb6 12. Rb1 Bd7 13. b4 Nxd3 14. Qxd3 g4 15.
hxg4 hxg4 16. Nh2 Rh5 17. Rfe1 Nxb4 18. Qd2 Qa5 19. Ne2 Nc6 20. Qxa5 Nxa5 21.
Nxg4 Rc8 22. c3 Rc4 23. f3 Rh8 24. Bf2 b6 25. Bd4 Nc6 26. Kf2 Kd8 27. Rec1 Ba3
28. Ne3 Ra4 29. Rc2 Ke7 30. g4 Rc8 31. f4 Nxd4 32. cxd4 Kf8 33. Rxc8+ Bxc8 34.
f5 Ba6 35. Rb3 Be7 36. Nc3 Rxd4 0-1

[Event "Tata Steel (B) 2015"]
[Site "Wijk aan Zee NED"]
[Date "2015.01.13"]
[Round "4"]
[White "L'Ami, E."]
[Black "Michiels, B."]
[Result "1-0"]
[WhiteElo "2613"]
[BlackElo "2563"]
[PlyCount "199"]
[EventDate "2015.01.10"]

1. d4 d5 2. c4 c6 3. Nf3 Nf6 4. Nc3 e6 5. Bg5 Nbd7 6. e3 Qa5 7. Nd2 dxc4 8.
Bxf6 Nxf6 9. Nxc4 Qc7 10. Rc1 Be7 11. g3 Nd5 12. a3 Nxc3 13. Rxc3 a5 14. Bg2
O-O 15. O-O Bd7 16. Qc2 Rfd8 17. Ne5 Be8 18. Nd3 Ra7 19. h4 f6 20. b4 axb4 21.
axb4 Qb6 22. Nc5 Bf7 23. Rb1 e5 24. dxe5 fxe5 25. Qf5 Qc7 26. Be4 g6 27. Qg4
Qc8 28. Qe2 Ra2 29. Rc2 Rxc2 30. Qxc2 Bd5 31. Bg2 b6 32. Na4 Qb7 33. Bf1 Kg7
34. Nc3 b5 35. Rc1 Bxb4 36. Nxd5 cxd5 37. Rb1 Be7 38. Rxb5 Qd7 39. Qb3 Qd6 40.
Rb6 Qa3 41. Qb1 Rf8 42. Re6 d4 43. exd4 exd4 44. Qe4 Bf6 45. h5 gxh5 46. Bd3
Qc1+ 47. Kg2 Qh6 48. Ra6 Qg6 49. Qf3 Qg5 50. Rb6 Re8 51. Rb5 Qg4 52. Qc6 Rf8
53. Qd5 Kh8 54. Qxh5 Qxh5 55. Rxh5 Rf7 56. f4 Be7 57. Kf3 Bb4 58. Rd5 Bc3 59.
g4 h6 60. Rd6 Kg7 61. Rg6+ Kf8 62. Bc4 Rc7 63. Bd3 Rf7 64. f5 Bd2 65. Bc4 Rc7
66. Bd5 Rd7 67. Ke4 Rg7 68. Ra6 Rxg4+ 69. Ke5 Bg5 70. f6 Bxf6+ 71. Kxf6 Rf4+
72. Ke5 Rf1 73. Bc4 Rf2 74. Bd3 Kg7 75. Rg6+ Kf7 76. Rg3 Ke7 77. Rg7+ Rf7 78.
Rg6 h5 79. Ra6 Kf8 80. Bg6 Rd7 81. Bf5 Rd8 82. Rh6 Kg7 83. Rh7+ Kg8 84. Rxh5
Kg7 85. Rg5+ Kh6 86. Rg6+ Kh5 87. Kf4 d3 88. Rg7 Rh8 89. Rg5+ Kh6 90. Rg6+ Kh7
91. Rd6+ Kg7 92. Kg5 Rf8 93. Bg6 Rf2 94. Rd7+ Kf8 95. Bf5 d2 96. Kf6 Ke8 97.
Rd3 Rf3 98. Rxd2 Rf1 99. Rh2 Kd8 100. Rc2 1-0

[Event "Tata Steel (B) 2015"]
[Site "Wijk aan Zee NED"]
[Date "2015.01.15"]
[Round "5"]
[White "Salem, AR."]
[Black "L'Ami, E."]
[Result "0-1"]
[WhiteElo "2603"]
[BlackElo "2613"]
[PlyCount "104"]
[EventDate "2015.01.10"]

1. d4 Nf6 2. c4 e6 3. Nc3 Bb4 4. e3 O-O 5. Nge2 d5 6. a3 Be7 7. cxd5 exd5 8.
Nf4 c6 9. Bd3 Na6 10. O-O Nc7 11. Bc2 Ne6 12. Nd3 b6 13. b4 Ba6 14. b5 Bxb5 15.
Nxb5 cxb5 16. Ne5 Bd6 17. f4 a6 18. Qf3 Qe7 19. Bb2 Qb7 20. Qe2 Rfe8 21. Rf3
Nf8 22. Rh3 Ne4 23. Qh5 Rad8 24. Bxe4 dxe4 25. Ng4 f6 26. Rg3 Kh8 27. d5 Qe7
28. Qf5 Qd7 29. Qxf6 gxf6 30. Nxf6 Qg7 31. Rxg7 Kxg7 32. Nxe8+ Kf7 33. Nf6 Be7
34. Nxe4 Rxd5 35. Kf2 Ne6 36. Ke2 Nc5 37. Nc3 Rh5 38. Rh1 Bf6 39. Ba1 Nb3 40.
Bb2 Rc5 41. Kd3 Rc4 42. Ne4 Rxe4 43. Kxe4 Bxb2 44. Rd1 Nc5+ 45. Kf5 Bxa3 46.
Rd6 b4 47. Rxb6 b3 48. e4 b2 49. e5 a5 50. e6+ Ke7 51. Ke5 Bb4 52. f5 Nd7+ 0-1

[Event "Tata Steel (B) 2015"]
[Site "Wijk aan Zee NED"]
[Date "2015.01.15"]
[Round "5"]
[White "Van Kampen, R."]
[Black "Shankland, S."]
[Result "0-1"]
[WhiteElo "2615"]
[BlackElo "2652"]
[PlyCount "46"]
[EventDate "2015.01.10"]

1. e4 e6 2. d4 d5 3. Nc3 Nf6 4. Bg5 dxe4 5. Nxe4 Be7 6. Bxf6 Bxf6 7. Nf3 O-O 8.
Bc4 Nd7 9. Qe2 Be7 10. O-O-O c5 11. Kb1 Qc7 12. Neg5 Nb6 13. Bd3 h6 14. h4 Nd5
15. Ne5 Bd6 16. Bh7+ Kh8 17. Qh5 Bxe5 18. dxe5 f6 19. Be4 Nf4 20. Qf3 fxg5 21.
hxg5 Bd7 22. gxh6 g6 23. g3 Nh3 0-1

[Event "Tata Steel (B) 2015"]
[Site "Wijk aan Zee NED"]
[Date "2015.01.15"]
[Round "5"]
[White "Michiels, B."]
[Black "Haast, A."]
[Result "1-0"]
[WhiteElo "2563"]
[BlackElo "2352"]
[PlyCount "133"]
[EventDate "2015.01.10"]

1. d4 d5 2. c4 dxc4 3. e4 e5 4. Nf3 exd4 5. Bxc4 Bb4+ 6. Nbd2 Nc6 7. O-O Nf6 8.
e5 Nd5 9. Nb3 Nb6 10. Bb5 Qd5 11. Bxc6+ Qxc6 12. Bd2 Bxd2 13. Qxd2 Qd5 14. Rac1
c6 15. Qb4 Qd8 16. Nfxd4 Nd5 17. Qc5 Qe7 18. f4 Qxc5 19. Nxc5 O-O 20. Ne4 Rd8
21. Nd6 Nc7 22. Rfd1 Ne8 23. Nxc8 Raxc8 24. Nb3 Kf8 25. Kf2 Ke7 26. Ke3 Nc7 27.
Na5 Nd5+ 28. Ke4 Rc7 29. f5 Rcd7 30. Rd4 Nb6 31. Rcd1 Nd5 32. R1d3 g6 33. g4
Rg8 34. f6+ Ke6 35. g5 Rgd8 36. Nb3 b6 37. Rh3 c5 38. Rc4 Rc7 39. Rxh7 Nb4 40.
Rh3 Rd5 41. Re3 b5 42. Rcc3 Nxa2 43. Rcd3 Rcd7 44. Rxd5 Rxd5 45. h4 Nb4 46. Rc3
Rxe5+ 47. Kf3 c4 48. Nd4+ Kd7 49. Re3 Rxe3+ 50. Kxe3 a6 51. Ke4 Nd3 52. Kd5
Nxb2 53. h5 gxh5 54. g6 fxg6 55. Nc6 Nd3 56. f7 Nf4+ 57. Ke5 Ne6 58. Kf6 c3 59.
Nd4 Nf8 60. Kg7 Ke7 61. Nc6+ Kd7 62. Kxf8 Kxc6 63. Ke7 b4 64. f8=Q Kb5 65. Kd6
b3 66. Kd5 c2 67. Qa3 1-0

[Event "Tata Steel (B) 2015"]
[Site "Wijk aan Zee NED"]
[Date "2015.01.15"]
[Round "5"]
[White "Gunina, V."]
[Black "Sevian, Samuel"]
[Result "0-1"]
[WhiteElo "2538"]
[BlackElo "2511"]
[PlyCount "138"]
[EventDate "2015.01.10"]

1. e4 e5 2. Nf3 Nc6 3. Bb5 a6 4. Ba4 Nf6 5. d3 b5 6. Bb3 Bc5 7. O-O O-O 8. c3
d6 9. h3 h6 10. Re1 Bb6 11. Nbd2 Be6 12. Bc2 Re8 13. Nf1 d5 14. exd5 Bxd5 15.
Ng3 Bc5 16. Be3 Bd6 17. Nd2 Qd7 18. Nde4 Nh7 19. Qh5 Be6 20. Nxd6 cxd6 21. f4
f5 22. Bb3 Bxb3 23. axb3 Rf8 24. Rf1 g5 25. fxg5 f4 26. Ne4 Nxg5 27. Qg6+ Qg7
28. Qxd6 fxe3 29. Nxg5 Qxg5 30. Qxc6 e2 31. Rf3 e4 32. Qe6+ Kg7 33. Qxe4 Rxf3
34. Qxf3 Re8 35. Re1 Qd2 36. Qg3+ Kh7 37. Qf2 Kg8 38. d4 Qxb2 39. Qg3+ Kf7 40.
Qf4+ Kg7 41. Qc7+ Kf8 42. Qc5+ Re7 43. d5 Qd2 44. Qf2+ Ke8 45. c4 bxc4 46. bxc4
a5 47. Qg3 a4 48. Kh2 Qe3 49. Qg6+ Kd8 50. Qd6+ Ke8 51. Qc6+ Kf7 52. d6 Qf4+
53. Kg1 Qe4 54. d7 Qd4+ 55. Kh1 Qxd7 56. Qxh6 Qf5 57. Kh2 a3 58. Qd2 Qe5+ 59.
Kh1 Qe3 60. Qd5+ Kg7 61. Qf5 Qg3 62. Qa5 a2 63. Kg1 Kh6 64. Qb6+ Kh7 65. Qa5
Qxe1+ 66. Qxe1 a1=Q 67. Qxa1 e1=Q+ 68. Qxe1 Rxe1+ 69. Kf2 Rc1 0-1

[Event "Tata Steel (B) 2015"]
[Site "Wijk aan Zee NED"]
[Date "2015.01.15"]
[Round "5"]
[White "Potkin, V."]
[Black "Klein, Da"]
[Result "1-0"]
[WhiteElo "2608"]
[BlackElo "2517"]
[PlyCount "99"]
[EventDate "2015.01.10"]

1. c4 d6 2. d4 Nf6 3. Nc3 Bf5 4. g3 e5 5. Nf3 Nbd7 6. Bg2 c6 7. O-O h6 8. Nh4
Bh7 9. d5 e4 10. Bh1 Be7 11. Ng2 Ne5 12. Ne3 Qd7 13. b4 h5 14. dxc6 bxc6 15. b5
cxb5 16. cxb5 h4 17. Ncd5 Bg6 18. Nxe7 Kxe7 19. Ba3 Rh5 20. Qd4 Rah8 21. Rad1
hxg3 22. fxg3 Ke8 23. Bxd6 Qh3 24. Rf2 Qxg3+ 25. Rg2 Rxh2 26. Rxg3 Rxh1+ 27.
Kf2 R8h2+ 28. Rg2 Neg4+ 29. Nxg4 Nxg4+ 30. Kg3 Rxd1 31. Qc5 Rxg2+ 32. Kxg2 Kd7
33. Bf4 Nf6 34. Qxa7+ Ke6 35. Qc7 e3 36. Qe5+ Kd7 37. Qc7+ Ke6 38. Qc6+ Ke7 39.
Bg5 Bb1 40. Bxf6+ gxf6 41. a4 f5 42. Qc5+ Kd7 43. Qxe3 Be4+ 44. Kf2 Rd5 45.
Qa7+ Kc8 46. Qa6+ Kb8 47. Qb6+ Ka8 48. Qc6+ Ka7 49. Qc7+ Ka8 50. b6 1-0